Central Library OPAC University of Rajshahi

Japan's trade policies 1945 to the present day / (Record no. 60605)

MARC details
000 -LEADER
fixed length control field 00817nam a2200253 a 4500
001 - CONTROL NUMBER
control field 60605
003 - CONTROL NUMBER IDENTIFIER
rucl marc code BD-RjUL
005 - DATE AND TIME OF LATEST TRANSACTION
control field 20211209080849.0
008 - FIXED-LENGTH DATA ELEMENTS--GENERAL INFORMATION
fixed length control field 170101s1989 enka b 001 0 eng
020 ## - INTERNATIONAL STANDARD BOOK NUMBER
International Standard Book Number 0485113635
035 ## - SYSTEM CONTROL NUMBER
System control number (BD-RjUL)60729
040 ## - CATALOGING SOURCE
Original cataloging agency DLC
Transcribing agency DLC
Modifying agency DLC
Language of cataloging eng
041 ## - LANGUAGE CODE
Language code of text/sound track or separate title eng
082 00 - DEWEY DECIMAL CLASSIFICATION NUMBER
Classification number 382.30952
Author mark and year SHJ 1989
100 1# - MAIN ENTRY--PERSONAL NAME
Personal name Shiraishi, Takashi,
Dates associated with a name 1921-
9 (RLIN) 180523
245 10 - TITLE STATEMENT
Title Japan's trade policies 1945 to the present day /
Statement of responsibility, etc. Takashi Shiraishi.
260 ## - PUBLICATION, DISTRIBUTION, ETC. (IMPRINT)
Place of publication, distribution, etc. London ;
-- Atlantic Highlands, NJ :
Name of publisher, distributor, etc. Athlone Press,
Date of publication, distribution, etc. 1989.
300 ## - PHYSICAL DESCRIPTION
Pagination viii, 228 p. :
Illustrations ill. ;
Size 22 cm.
504 ## - BIBLIOGRAPHY, ETC. NOTE
Bibliography, etc Includes bibliographies references and index.
651 #0 - SUBJECT ADDED ENTRY--GEOGRAPHIC NAME
Geographic name Japan
General subdivision Economic policy
Chronological subdivision 1945-
9 (RLIN) 180524
Geographic name Japan
General subdivision Commercial policy
-- History.
9 (RLIN) 180525
942 ## - ADDED ENTRY ELEMENTS (KOHA)
Source of classification or shelving scheme Dewey Decimal Classification
Koha item type Books
Holdings
Lost status Source of classification or shelving scheme Damaged status Not for loan Collection code Permanent Location Current Location Shelving location Date acquired Total Checkouts Full call number Date last seen Copy number Koha item type
  Dewey Decimal Classification   Not For Loan Non-fiction Central Library, University of Rajshahi Central Library, University of Rajshahi Reading Room 02/03/1996   382.30952 SHJ 1989 01/01/2017 C-1 Books